Loading...
| Auditory Arts | 1 | 5 | 0 | 0 | 65 | 72 | 92.50 | 0 | 5 |
| Beliefs | 0 | 5 | 0 | 3 | 50 | 104 | 124.20 | 0 | 5 |
| Visual Arts | 1 | 4 | 1 | 1 | 50 | 59 | 106.00 | 2 | 3 |
| Science - Biology | 2 | 2 | 0 | 0 | 50 | 15 | 61.75 | 2 | 3 |
| History - World History | 0 | 2 | 0 | 0 | 20 | 106 | 124.50 | 0 | 1 |
| Literature - World Literature | 0 | 2 | 0 | 1 | 20 | 66 | 100.50 | 0 | 2 |
| Fine Arts - Other Arts | 0 | 2 | 0 | 1 | 20 | 91 | 112.00 | 0 | 0 |
| Literature - British Literature | 0 | 1 | 0 | 0 | 10 | 135 | 135.00 | 0 | 0 |
| Science - Physics | 0 | 1 | 0 | 1 | 10 | 128 | 128.00 | 0 | 0 |
| Literature - European Literature | 0 | 1 | 0 | 0 | 10 | 150 | 150.00 | 0 | 1 |
| Social Science | 0 | 1 | 0 | 0 | 10 | 131 | 131.00 | 0 | 1 |
| Philosophy | 0 | 0 | 1 | 0 | -5 | 0.00 | 0 | 0 |